Cost and management accounting : (Record no. 5145)

MARC details
000 -LEADER
fixed length control field 01387nam a2200193Ia 4500
020 ## - INTERNATIONAL STANDARD BOOK NUMBER
ISBN 184480349X
020 ## - INTERNATIONAL STANDARD BOOK NUMBER
ISBN 9781844803491
050 ## - CALL NUMBER
Classification number HF5657.4
Item number .D78
100 1# - AUTHOR
Personal name Drury, Colin.
245 10 - TITLE
Title Cost and management accounting :
Remainder of title an introduction /
Statement of responsibility, etc Colin Drury.
250 ## - EDITION
Edition statement Sixth edition.
260 ## - PUBLICATION INFORMATION
Place of publication London :
Name of publisher Thomson Learning,
Year of publication 2006.
300 ## - DESCRIPTION
Number of Pages xxvi, 596 pages :
Other physical details illustrations ;
Dimensions 27 cm.
500 ## - NOTES
General note Includes index.
505 ## - FORMATTED CONTENTS NOTE
Table of Content PART 1: INTRODUCTION TO COST AND MANAGEMENT ACCOUNTING 1. Introduction to Management Accounting. 2. An Introduction to Cost Terms and Concepts. PART 2: COST ACCUMULATION FOR INVENTORY VALUATION AND PROFIT MEASUREMENT. 3. Accounting for Labour and Materials. 4. Cost Assignment. 5. Accounting Entries for a Job Costing System. 6. Process Costing. 7. Joint Product and By-product Costing. 8. Income Effects of Alternative Cost Accumulation Systems. PART 3: INFORMATION FOR DECISION-MAKING. 9. Cost-Volume-Profit Analysis. 10. Measuring Relevant Costs and Revenues for Decision-Making. 11. Activity-Based Costing. 12. Capital Investment Decisions. PART 4: INFORMATION FOR PLANNING AND CONTROL. 13. The Budgeting Process. 14. Management Control Systems. 15. Standard Costing and Variance Analysis. Answers Bibliography Appendices Index Biblio information
650 #0 - SUBJECTS
Topical Term Cost accounting.
650 #0 - SUBJECTS
Topical Term Managerial accounting.
942 ## - ADDED ENTRY ELEMENTS (KOHA)
Koha item type Books
Holdings
Withdrawn status Lost status Collection code Home library Current library Shelving location Date acquired Full call number Accession Number Koha item type
    Reference Methodist University Library Main Methodist University Library Main General Stacks 10/06/2019 HF5657.4 .D78 3911 Books
Copyright © 2026  MUG Library